[Event "Ch-Paris Int"]
[Site "Coubertin FRA"]
[Date "2009.07.04"]
[Round "1"]
[White "Zherebukh,Y"]
[Black "Carlhammar,M"]
[Result "1-0"]
[WhiteElo "2541"]
[BlackElo "2352"]

1.e4 d6 2.d4 Nf6 3.Nc3 e5 4.Nf3 Nbd7 5.Bc4 Be7 6.O-O O-O 7.Re1 c6 8.a4 b6
9.b3 a6 10.Bb2 Rb8 11.Bd3 Re8 12.Na2 Qc7 13.Nb4 Ra8 14.Qd2 Bb7 15.c3 c5 16.Nc2 Rad8
17.dxe5 Nxe5 18.Nxe5 dxe5 19.Qe2 Rd7 20.f3 Red8 21.Rad1 Nh5 22.g3 f5 23.Ne3 f4
24.Nf5 Bf8 25.g4 Nf6 26.g5 Nh5 27.Bc4+ Kh8 28.Be6 Rxd1 29.Rxd1 Bc8 30.Rxd8 Qxd8
31.Bxc8 Qxc8 32.c4 Qe6 33.Qd3 Be7 34.h4 Ng3 35.Nxe7 Qxe7 36.Bxe5 h6 37.Bxf4 Nh5
38.Qd6 Qf7 39.g6 Qe8 40.Qb8 Qxb8 41.Bxb8  1-0

[Event "8th Open"]
[Site "La Fere FRA"]
[Date "2009.07.04"]
[Round "1"]
[White "Siauve,J"]
[Black "Pavillon,G"]
[Result "1-0"]
[WhiteElo "1678"]
[BlackElo "1843"]

1.e4 d6 2.d4 Nf6 3.Nc3 Nbd7 4.Bd3 e5 5.Nf3 Be7 6.Ne2 O-O 7.c3 Re8 8.Ng3 exd4
9.cxd4 c5 10.O-O a6 11.Qc2 Nf8 12.Rd1 cxd4 13.Nxd4 Bg4 14.f3 Rc8 15.Qf2 Bd7
16.Be3 Ng6 17.Ndf5 d5 18.Bb6  1-0

[Event "Ch-Paris Int"]
[Site "Coubertin FRA"]
[Date "2009.07.05"]
[Round "2"]
[White "Negi,P"]
[Black "Akshayraj,K"]
[Result "1-0"]
[WhiteElo "2590"]
[BlackElo "2411"]

1.e4 d6 2.d4 Nf6 3.Nc3 e5 4.Nf3 Nbd7 5.Be2 Be7 6.g4 h6 7.Rg1 c6 8.h4 h5 9.gxh5 Nxh5
10.Be3 Qc7 11.Qd2 b5 12.dxe5 dxe5 13.O-O-O Ndf6 14.Ng5 a6 15.f4 Nxf4 16.Bxf4 exf4
17.e5 Qxe5 18.Bf3 Kf8 19.Bxc6 Ra7 20.Rge1 Qc7 21.Qd4 Rxh4 22.Nd5 Qxc6 23.Nxe7 Rxe7
24.Rxe7 Be6 25.Qd8+ Ne8 26.Nxe6+ fxe6 27.Rxe8+  1-0

[Event "8th Open"]
[Site "La Fere FRA"]
[Date "2009.07.05"]
[Round "2"]
[White "Durot,E"]
[Black "Deneuville,L"]
[Result "1/2-1/2"]
[WhiteElo "1741"]
[BlackElo "1984"]

1.e4 d6 2.d4 Nf6 3.Nc3 e5 4.dxe5 dxe5 5.Qxd8+ Kxd8 6.Nf3 Bd6 7.Bc4 Ke7 8.Bg5 c6
9.O-O-O Bc7 10.Bh4 Bg4 11.Rd3 Bxf3 12.Rxf3 Nd7 13.Rd1 h6 14.Bxf7 g5 15.Bg3 Nc5
16.Bg6 Ne6 17.Ne2 Rad8 18.Rfd3 Ng7 19.Rxd8 Rxd8 20.Rxd8 Kxd8 21.f3 Nd7 22.Bf2 b6
23.Ng3 Ke7 24.Nf5+ Nxf5 25.Bxf5 Nf6 26.Kd2 Ne8 27.Bc8 Nd6 28.Bg4 Nb5 29.Kd3 Bd6
30.Bc8 Nc7 31.Kc4 Kd8 32.Bf5 Na6 33.c3 Nc5 34.Bxc5 Bxc5 35.a4 Bg1 36.h3 Kc7
37.b4 Kd6 38.Bc8 Bf2 39.Bf5 Bg3 40.Kd3 Ke7  1/2-1/2

[Event "35th ch-BAN"]
[Site "Dhaka BAN"]
[Date "2009.07.06"]
[Round "7"]
[White "Rahman,Zia"]
[Black "Bhuiyan,G"]
[Result "1-0"]
[WhiteElo "2523"]
[BlackElo "2135"]

1.d4 c6 2.e4 d6 3.Nc3 Nf6 4.Bg5 Qa5 5.Qd2 Nbd7 6.Nf3 e5 7.a3 h6 8.Bh4 a6
9.Bc4 Be7 10.O-O O-O 11.Rfe1 b5 12.Ba2 Qc7 13.h3 Re8 14.Bg3 c5 15.dxe5 dxe5
16.Nd5 Qb8 17.a4 Bd8 18.axb5 axb5 19.Nxf6+ Bxf6 20.Bxf7+ Kxf7 21.Qd5+ Kg6
22.Rxa8 Qc7 23.Qa2 c4 24.b4 Nb6 25.Ra7 Qc6 26.Qa1 c3 27.Re3 Na4 28.Bh4 Bb7
29.Bxf6 Kxf6 30.Qd1 Qc7 31.Nh4 Rd8 32.Qf3+ Ke7 33.Ng6+ Kd6 34.Rxa4 bxa4 35.Rd3+  1-0

[Event "City of Culture GM"]
[Site "Donostia ESP"]
[Date "2009.07.07"]
[Round "1"]
[White "Svidler,P"]
[Black "Movsesian,S"]
[Result "1/2-1/2"]
[WhiteElo "2739"]
[BlackElo "2716"]

1.e4 d6 2.d4 Nf6 3.Nc3 e5 4.Nf3 Nbd7 5.Bc4 Be7 6.O-O O-O 7.Re1 a6 8.a4 b6
9.b3 Bb7 10.Bb2 c6 11.Bd3 Re8 12.Ne2 Bf8 13.Ng3 g6 14.c4 exd4 15.Bxd4 Bg7
16.Qd2 Ne5 17.Rad1 Nxf3+ 18.gxf3 d5 19.cxd5 cxd5 20.e5 Nd7 21.f4 Qh4 22.Bf1  1/2-1/2

[Event "37th Greek Teams"]
[Site "Kallithea GRE"]
[Date "2009.07.07"]
[Round "7"]
[White "Nevednichy,V"]
[Black "Ivanisevic,I"]
[Result "1/2-1/2"]
[WhiteElo "2570"]
[BlackElo "2629"]

1.e4 d6 2.d4 Nf6 3.Nc3 e5 4.dxe5 dxe5 5.Qxd8+ Kxd8 6.Bc4 Ke8 7.Nf3 Bd6 8.Bg5 Nbd7
9.O-O-O a6 10.a4 h6 11.Bh4 g6 12.Rhe1 Kf8 13.Nd5 Kg7 14.Bxf6+ Nxf6 15.Nb6 Rb8
16.Nxc8 Rhxc8 17.c3 b5 18.axb5 axb5 19.Bd5 b4 20.Kc2 bxc3 21.bxc3 Rb5 22.Bc4 Rb6
23.Nd2 Rcb8 24.Rb1 Rxb1 25.Nxb1 Bc5 26.f3 h5 27.Nd2 h4 28.Rd1 Rd8 29.Nb3 Rxd1
30.Kxd1 Bg1 31.h3 Nh5 32.Nc1 f5 33.Ne2 Bf2 34.Bd3 Kf6 35.Kd2 Kg5 36.Bb1 Nf6
37.Bc2 Nd7 38.Bb1 Nc5 39.Bc2 Bg3 40.c4 Bf4+ 41.Ke1 Be3 42.Nc3 Ne6 43.Ne2 Bb6
44.Bb1 Ba5+ 45.Kd1 Bb4 46.Bd3 Nc5 47.Bc2 Nb7 48.Bd3 Nd6 49.Kc2 Bc5 50.Kc3 Bf2
51.Kd2 fxe4 52.fxe4 Nb7 53.Nc3 Bb6 54.Ne2 Nc5 55.Bc2 Ne6 56.Ba4 Kf6 57.Bd1 Ke7
58.Nc1 Ng5 59.Bf3 Kf6 60.Nd3 Bd4 61.Kc2 Ke7 62.Kb3 Kd6 63.Kb4 Ne6 64.Bg4 Bc5+
65.Kc3 Nd4 66.Ne1 Nc6 67.Nd3 Bd4+ 68.Kb3 Bb6 69.Ka4 Nd4 70.Kb4 Nc2+ 71.Kb5 Nd4+
72.Kb4 Nc2+  1/2-1/2

[Event "ch-SWE"]
[Site "Kungsor SWE"]
[Date "2009.07.07"]
[Round "9"]
[White "Hillarp Persson,T"]
[Black "Johansson,Ja SWE"]
[Result "1-0"]
[WhiteElo "2618"]
[BlackElo "2440"]

1.e4 d6 2.d4 Nf6 3.Nc3 e5 4.Nf3 Nbd7 5.Bc4 Be7 6.O-O O-O 7.Re1 c6 8.a4 b6
9.h3 Rb8 10.Ba2 a6 11.Be3 b5 12.axb5 axb5 13.b4 h6 14.Bb3 Re8 15.Ra7 Bf8
16.Qa1 Bb7 17.Qa2 Re7 18.Rd1 Qe8 19.dxe5 Nxe5 20.Rxd6 Nxf3+ 21.gxf3 Re5 22.Bxf7+ Qxf7
23.Qxf7+ Kxf7 24.Rxc6 Re7 25.Rb6 Rc8 26.Nxb5  1-0

[Event "XXXII Open"]
[Site "Barbera ESP"]
[Date "2009.07.09"]
[Round "6"]
[White "Vehi Bach,V"]
[Black "Almeida Quintana,O"]
[Result "1/2-1/2"]
[WhiteElo "2387"]
[BlackElo "2524"]

1.e4 d6 2.d4 Nf6 3.Nc3 c6 4.f4 Qa5 5.Bd3 e5 6.Nf3 exd4 7.Nxd4 g6 8.Nb3 Qc7
9.O-O Bg7 10.Qf3 Nbd7 11.Kh1 O-O 12.a4 Re8 13.Be3 b6 14.Rae1 Bb7 15.Qh3 a6
16.Qh4 c5 17.Nd2 d5 18.exd5 Nxd5 19.Nxd5 Bxd5 20.b3 Bc3 21.Qg3 Qc6 22.Re2 b5
23.Nb1 Bg7 24.axb5 axb5 25.c4 bxc4 26.bxc4 Be4 27.Bg1 Nf6 28.Nd2 Bxd3 29.Rxe8+ Qxe8
30.Qxd3 Rd8 31.Qc2 Qe2 32.Rf2 Qe1 33.Nf3 Qe4 34.Rd2 Qxc2 35.Rxc2 Ne4 36.g4 Rd1
37.Kg2 Bd4 38.Bxd4 cxd4 39.c5 d3 40.Rc4 d2 41.Rd4 Nxc5 42.Rxd2 Rc1 43.Ne5 Rc3
44.Nd7 Ne6 45.Nf6+ Kg7 46.Nd5 Ra3 47.Kf2 Nc5 48.Kg2 Ne4 49.Re2 f5 50.gxf5 gxf5
51.Rb2 Rd3 52.Rb7+ Kh6 53.Ne7 Kh5 54.Nxf5 Kg4 55.Nh6+ Kxf4 56.Rf7+ Kg5 57.Rxh7 Rd2+
58.Kh3 Nf6 59.Rh8 Kg6  1/2-1/2

[Event "Ch-Paris Int"]
[Site "Coubertin FRA"]
[Date "2009.07.09"]
[Round "6"]
[White "Brochet,P"]
[Black "Kazhgaleyev,M"]
[Result "0-1"]
[WhiteElo "2373"]
[BlackElo "2639"]

1.e4 d6 2.d4 Nf6 3.Nc3 Nbd7 4.f4 e5 5.dxe5 dxe5 6.fxe5 Nxe5 7.Qxd8+ Kxd8
8.Nf3 Bd6 9.Bg5 c6 10.O-O-O Kc7 11.Bf4 Nd3+ 12.cxd3 Bxf4+ 13.Kb1 Ng4 14.Re1 Rd8
15.d4 Ne3 16.Nd1 Nxd1 17.Rxd1 Be6 18.g3 Bh6 19.Bg2 Rd7 20.h3 Rad8 21.Rde1 Rd6
22.h4 f5 23.e5 R6d7 24.Rhf1 Bd5 25.Bh3 g6 26.g4 Be4+ 27.Ka1 Bxf3 28.Rxf3 Rxd4
29.a3 fxg4 30.Rf7+ R8d7 31.Rxd7+ Kxd7 32.e6+ Ke7 33.Bf1 g3 34.Bh3 Rxh4 35.Rh1 Be3  0-1

[Event "37th Greek Teams"]
[Site "Kallithea GRE"]
[Date "2009.07.09"]
[Round "9"]
[White "Tiviakov,S"]
[Black "Gelashvili,T"]
[Result "1-0"]
[WhiteElo "2674"]
[BlackElo "2605"]

1.e4 d6 2.d4 Nf6 3.Nc3 e5 4.Nf3 exd4 5.Nxd4 Be7 6.Be2 O-O 7.O-O Re8 8.f4 Bf8
9.Bf3 c5 10.Nde2 Nc6 11.h3 Bd7 12.b3 b5 13.Nxb5 Nxe4 14.Bb2 Rb8 15.c4 d5
16.cxd5 Rxb5 17.Bxe4 Rxe4 18.dxc6 Rxe2 19.Qxe2 Bxc6 20.Rad1 Qa5 21.Be5 c4
22.bxc4 Rb4 23.Kh2 Ra4 24.Rd2 h6 25.Rfd1 Ra3 26.Qg4 h5 27.Qc8 Be4 28.Bd6  1-0

[Event "ch-SWE"]
[Site "Kungsor SWE"]
[Date "2009.07.09"]
[Round "11"]
[White "Nithander,V"]
[Black "Johansson,Ja SWE"]
[Result "1/2-1/2"]
[WhiteElo "2422"]
[BlackElo "2440"]

1.e4 d6 2.d4 Nf6 3.Nc3 e5 4.Nf3 Nbd7 5.Bc4 Be7 6.O-O O-O 7.Re1 c6 8.a4 b6
9.Ba2 a6 10.h3 Bb7 11.Nh4 exd4 12.Qxd4 d5 13.Nf5 Bc5 14.Qd2 Nxe4 15.Nxe4 dxe4
16.Rxe4 Qf6 17.Qg5 Rfe8 18.Qxf6 Nxf6 19.Rxe8+ Rxe8 20.Be3 Bxe3 21.Nxe3 c5
22.Rd1 Bc6 23.Rd6 Rc8 24.Nc4 Ne4 25.Rd1 Bxa4 26.f3 Nf6 27.Nxb6 Bxc2 28.Rd2 Rb8
29.Rxc2 Rxb6 30.Rxc5 Ne8 31.Rc2 Kf8 32.Kf2 Nd6 33.g4 g5 34.Kg3 Ke7 35.h4 h6
36.Bd5 f5 37.Re2+ Kd8 38.hxg5 hxg5 39.gxf5 Nxf5+ 40.Kg4 Ne7 41.Be4 Rb5 42.Bd3 Ra5
43.Re6 Nd5 44.Rxa6 Ne3+ 45.Kh5 Rd5 46.Be4 Rb5 47.Bc6 Re5 48.Kg6 g4 49.fxg4 Nxg4
50.b4 Re1 51.Kf5 Ne5 52.Bb5 Kc7 53.Ba4 Nd3 54.b5 Rf1+ 55.Kg5 Rg1+ 56.Kf5  1/2-1/2

[Event "XXXII Open"]
[Site "Barbera ESP"]
[Date "2009.07.10"]
[Round "7"]
[White "Massoni,M"]
[Black "Garcia Castro,P"]
[Result "1-0"]
[WhiteElo "2291"]
[BlackElo "2390"]

1.e4 d6 2.d4 Nf6 3.Nc3 Nbd7 4.Nf3 e5 5.g4 Nxg4 6.Rg1 Ngf6 7.Bc4 h6 8.Be3 c6
9.dxe5 dxe5 10.Qd3 Qc7 11.Bxf7+ Kxf7 12.Qc4+ Ke7 13.Nh4 Nb6 14.Ng6+ Ke8 15.Bxb6 axb6
16.Nxh8 b5 17.Nxb5 Qd7 18.Nc3 b5 19.Qd3 b4 20.Ne2 Qxd3 21.cxd3 b3 22.Kd2 bxa2
23.Nc3 Be6 24.Ng6 Bd6 25.Nh4 Rb8 26.Kc2 Bb3+ 27.Kc1 Bc5 28.Nf5 g5 29.Nxa2 Nh5
30.Nc3 Nf4 31.Kd2 Rd8 32.Nxh6 Bxf2 33.Rxg5 Rxd3+ 34.Kc1 Re3 35.Rxe5+ Kd7
36.Rea5 Rd3 37.Ng4 Bd4 38.Ne5+ Bxe5 39.Rxe5 Ne2+ 40.Kb1 Nd4 41.Ra7+ Kd6 42.Re8 Re3
43.Kc1 Re1+ 44.Kd2 Nf3+ 45.Kd3 c5 46.Nb5+ Kc6 47.Rc7+ Kxb5 48.Rb8+ Ka6 49.Rxb3 Ne5+
50.Kd2 Rh1 51.Rxc5 Rxh2+ 52.Kc3 Nd7 53.Rc6+ Ka5 54.Rc7 Rh3+ 55.Kc2 Rh2+ 56.Kb1 Ka4
57.Ka2 Nc5 58.Ra7+  1-0

[Event "Helmut Kohls IM"]
[Site "Dortmund GER"]
[Date "2009.07.10"]
[Round "7"]
[White "Schaefer,Mark"]
[Black "Eismont,O"]
[Result "1/2-1/2"]
[WhiteElo "2378"]
[BlackElo "2326"]

1.e4 d6 2.d4 Nf6 3.Nc3 c6 4.f4 Qa5 5.Bd2 e5 6.fxe5 dxe5 7.Nd5 Qd8 8.Nxf6+ Qxf6
9.Nf3 Bg4 10.dxe5 Qg6 11.Bd3 Nd7 12.Bc3 Bc5 13.Qd2 O-O 14.O-O-O Qe6 15.Kb1 b5
16.Be2 Bxf3 17.gxf3 Nxe5 18.f4 Nc4 19.Bxc4 Qxc4 20.Qg2 g6 21.h4 b4 22.Be5 Qe6
23.h5 Rad8 24.b3 Rxd1+ 25.Rxd1 Re8 26.hxg6 fxg6 27.Qh2 Bf8 28.Qh4 Be7 29.Qg3 Bf8
30.Rh1 h6 31.Rg1 g5 32.Bb2 Qxe4 33.fxg5 h5 34.g6 Bg7 35.Qc7 Re7 36.Qd8+ Re8
37.Qd7 Re7 38.Qd8+ Re8 39.Qd7 Re7 40.Qd8+  1/2-1/2

[Event "19th Heart of Finland Open"]
[Site "Jyvaskyla FIN"]
[Date "2009.07.10"]
[Round "6"]
[White "Solozhenkin,E"]
[Black "Kunin,V"]
[Result "0-1"]
[WhiteElo "2496"]
[BlackElo "2532"]

1.e4 d6 2.d4 Nf6 3.Nc3 e5 4.Nf3 Nbd7 5.Bc4 Be7 6.O-O O-O 7.Re1 c6 8.a4 a5
9.h3 exd4 10.Nxd4 Nc5 11.Bf4 Be6 12.Nxe6 fxe6 13.Bxd6 Bxd6 14.e5 Nd5 15.exd6 Qxd6
16.Ne4 Nxe4 17.Rxe4 Rf6 18.Qd4 Raf8 19.Rae1 Kh8 20.R1e2 Qb4 21.Rxe6 Nf4  0-1

[Event "19th Heart of Finland Open"]
[Site "Jyvaskyla FIN"]
[Date "2009.07.10"]
[Round "7"]
[White "Kosmo,S"]
[Black "Turner,N"]
[Result "1-0"]
[WhiteElo "2214"]
[BlackElo "2042"]

1.e4 d6 2.d4 Nf6 3.Nc3 e5 4.Nge2 Be7 5.g3 Bg4 6.Bg2 Qc8 7.h3 Bd7 8.Be3 c6
9.Qd2 b5 10.g4 h6 11.Ng3 Qc7 12.O-O-O a6 13.f4 exf4 14.Bxf4 g5 15.Be3 d5
16.e5 Nh7 17.Rdf1 Nf8 18.Nxd5 cxd5 19.Bxd5 Nc6 20.Bxf7+ Kd8 21.Ne4 Kc8 22.Kb1 Bb4
23.c3 Be7 24.Ka1 Kb7 25.d5 Qxe5 26.dxc6+ Bxc6 27.Bd4 Qxe4 28.Bxh8 Rd8 29.Bd4 Qg2
30.Qe3 Bd6 31.Rhg1 Qc2 32.Bb3 Qe4 33.Qxe4 Bxe4 34.Rf7+ Nd7 35.Bf6 Rf8 36.Rxd7+ Kc6
37.Rf7 Rh8  1-0

[Event "ch-SCO"]
[Site "Edinburgh SCO"]
[Date "2009.07.11"]
[Round "1"]
[White "Sreeves,C"]
[Black "Berry,N"]
[Result "0-1"]
[WhiteElo "2011"]
[BlackElo "2313"]

1.e4 d6 2.d4 Nf6 3.Nc3 e5 4.Nf3 Nbd7 5.Bc4 Be7 6.O-O O-O 7.Re1 a6 8.a4 b6
9.b3 Bb7 10.Bb2 c6 11.Qd2 Qc7 12.Rad1 Rad8 13.h3 b5 14.axb5 axb5 15.Bf1 Rfe8
16.Re3 g6 17.g4 exd4 18.Qxd4 b4 19.Na4 c5 20.Qd3 Ne5 21.Qe2 Bf8 22.Nxe5 dxe5
23.f3 Bh6 24.Rxd8 Bxe3+ 25.Qxe3 Qxd8 26.Nxc5 Qb6 27.Kf2 Rc8 28.Nd3 Rxc2+
29.Be2 Qxe3+ 30.Kxe3 Nd7 31.Ba1 Ba6 32.Bf1 Bxd3 33.Bxd3 Ra2 34.Bb5 Rxa1 35.Bxd7 Rd1
36.Bb5 g5 37.Be2 Rd4  0-1

[Event "ch-SCO"]
[Site "Edinburgh SCO"]
[Date "2009.07.11"]
[Round "1"]
[White "McGowan,D"]
[Black "Shaw,J"]
[Result "1/2-1/2"]
[WhiteElo "2098"]
[BlackElo "2462"]

1.e4 d6 2.d4 Nf6 3.Nc3 e5 4.Nf3 Nbd7 5.Bc4 Be7 6.O-O O-O 7.Re1 c6 8.a4 b6
9.Ba2 a6 10.Be3 Ng4 11.Bd2 Ngf6 12.Be3 Rb8 13.Qd3 b5 14.axb5 axb5 15.Ne2 d5
16.Ng3 exd4 17.Nxd4 Ne5 18.Qd2 Nxe4 19.Nxe4 dxe4 20.Bf4 Bf6 21.Rxe4 c5 22.Bxe5 Bxe5
23.Rxe5 Qxd4 24.Qxd4 cxd4 25.Rd1 Rd8 26.h3 Kf8 27.Bb3 Rb6 28.Rde1 f6 29.Rh5 h6
30.Rc5 Rb7  1/2-1/2

[Event "ch-SWE"]
[Site "Kungsor SWE"]
[Date "2009.07.11"]
[Round "13"]
[White "Ernst,T"]
[Black "Johansson,Ja SWE"]
[Result "1-0"]
[WhiteElo "2414"]
[BlackElo "2440"]

1.e4 d6 2.d4 Nf6 3.Nc3 e5 4.Nf3 Nbd7 5.Bc4 Be7 6.O-O O-O 7.a4 c6 8.Qe2 b6
9.Rd1 Qc7 10.h3 a6 11.d5 c5 12.Ne1 Ne8 13.f4 exf4 14.Bxf4 Nef6 15.Nf3 Re8
16.Re1 Bb7 17.Qd2 Bf8 18.Re2 Ne5 19.Nxe5 dxe5 20.Bg5 Nh5 21.Rf2 Bd6 22.Ne2 f6
23.Be3 Kh8 24.Bg5 Kg8 25.Be3 Kh8 26.b3 Nf4 27.Raf1 g5 28.Ng3 Bc8 29.Be2 Bd7
30.Bg4 b5 31.Bxd7 Qxd7 32.axb5 axb5 33.Nf5 c4 34.bxc4 bxc4 35.Kh2 Bf8 36.g3 Ng6
37.Rb1 Reb8 38.Rff1 Ne7 39.Nxe7 Bxe7 40.Qc3 Rxb1 41.Rxb1 Ra3 42.Qd2 Kg7 43.Rb6 h6
44.Rc6 f5 45.Rxc4 fxe4 46.Rxe4 Qf5 47.Rxe5  1-0

[Event "XXXII Open"]
[Site "Barbera ESP"]
[Date "2009.07.12"]
[Round "9"]
[White "Anuprita,P"]
[Black "Garcia Castro,P"]
[Result "1-0"]
[WhiteElo "2059"]
[BlackElo "2390"]

1.e4 d6 2.d4 Nf6 3.Nc3 Nbd7 4.Nf3 e5 5.Bc4 Be7 6.O-O O-O 7.h3 a6 8.a4 b6
9.Nd5 Bb7 10.Re1 c6 11.Nxe7+ Qxe7 12.dxe5 dxe5 13.Qe2 b5 14.Bd3 Nc5 15.b3 b4
16.Bb2 Nfd7 17.Bc4 a5 18.Rad1 Ba6 19.Nd2 Bc8 20.Qe3 Nb6 21.f4 exf4 22.Qd4 Qg5
23.Nf3 Qg3 24.Qxc5 Nxc4 25.Qxc4 Bxh3 26.Qe2 Rae8 27.Qf2 Qg6 28.Ne5 Qg5 29.Nd7 Bxd7
30.Rxd7 Re6 31.Rf1 Rxe4 32.Rd4 Rfe8 33.Rxe4 Rxe4 34.Re1 Qd5 35.Kf1 h5 36.Rxe4 Qxe4
37.Qe2 Qd5 38.Qd3 Qg5 39.Qe4 Qg4 40.Qf3 Qg6 41.Qd3 Qg4 42.Qd8+ Kh7 43.Qd4 c5
44.Qe4+ Kg8 45.Qe8+ Kh7 46.Qe2 Qh4 47.Be5 Qh1+ 48.Kf2 g5 49.Qd3+ Kh6 50.Qd6+ Kh7
51.Qf6 Qh4+ 52.Ke2 Qg4+ 53.Kd2 Qxg2+ 54.Kc1  1-0

[Event "XXXII Open"]
[Site "Barbera ESP"]
[Date "2009.07.12"]
[Round "9"]
[White "Ravot,S"]
[Black "Sanchez Romero,M"]
[Result "1/2-1/2"]
[WhiteElo "2276"]
[BlackElo "2251"]

1.e4 d6 2.d4 Nf6 3.Nc3 e5 4.Nge2 Be7 5.f3 c6 6.Be3 O-O 7.g4 exd4 8.Qxd4 d5
9.exd5 cxd5 10.O-O-O Nc6 11.Qd2 Ne5 12.Nd4 Bb4 13.a3 Ba5 14.Be2 Nc4 15.Bxc4 dxc4
16.Ndb5 Qxd2+ 17.Bxd2 Bd7 18.Nd6 Bc6 19.Rhf1 Bc7 20.Nxc4 Bxh2 21.g5 Nd5 22.Nxd5 Bxd5
23.Ne3 Bc6 24.f4 Rfe8 25.Nf5 Re2 26.Nd4 Rg2 27.Nxc6 bxc6 28.Be3 Re8 29.Bxa7 h5
30.gxh6 Ree2 31.Rd8+ Kh7 32.Bd4 Bxf4+ 33.Kb1 Bxh6 34.Rxf7 Rxc2 35.Rdd7 Rc1+
36.Ka2 c5 37.Be5 c4 38.Bf4 Bxf4 39.Rxf4 c3 40.Rh4+ Kg6 41.Rb7 cxb2 42.Rxb2 Rcc2
43.Rxc2 Rxc2+ 44.Kb3 Rc8 45.Rg4+ Kf6 46.a4 g5 47.a5 Kf5 48.Rg1 g4 49.Kb4 Kf4
50.Kb5  1/2-1/2

[Event "12th Open"]
[Site "Malaga ESP"]
[Date "2009.07.12"]
[Round "2"]
[White "Stefansson,H"]
[Black "Garrido Dominguez,J"]
[Result "1-0"]
[WhiteElo "2580"]
[BlackElo "2333"]

1.e4 d6 2.d4 Nf6 3.Nc3 e5 4.Nf3 Nbd7 5.Bc4 Be7 6.O-O O-O 7.Re1 c6 8.a4 b6
9.Bd3 Re8 10.Ne2 d5 11.dxe5 Nxe4 12.Ned4 Nb8 13.Bf4 Nc5 14.e6 Bxe6 15.Bxb8 Qxb8
16.Nxc6 Qd6 17.Nxe7+ Rxe7 18.Bb5 a6 19.Bf1 Bg4 20.Rxe7 Qxe7 21.Qxd5 Rd8 22.Qe5 Qxe5
23.Nxe5 Rd1 24.Rxd1 Bxd1 25.b4 Nxa4 26.Bxa6 Bxc2 27.Bc4 Bg6 28.f4 Kf8 29.Kf2 f5
30.Nxg6+ hxg6 31.Ke3 Nc3 32.Kd4 Ne4 33.Kd5 Ke7 34.Kc6 g5 35.fxg5 Nxg5 36.Kxb6 Kd6
37.b5 f4 38.h4 Nh7 39.Ka7 Nf8 40.Be2  1-0

[Event "12th Open"]
[Site "Malaga ESP"]
[Date "2009.07.12"]
[Round "3"]
[White "Larino Nieto,D"]
[Black "Osuna Vega,E"]
[Result "1-0"]
[WhiteElo "2455"]
[BlackElo "2113"]

1.e4 d6 2.d4 Nf6 3.Nc3 e5 4.Nf3 Nbd7 5.Bc4 Be7 6.O-O h6 7.Qe2 c6 8.a4 Qc7
9.h3 Nf8 10.a5 g5 11.Bb3 Ng6 12.Qc4 Bd8 13.Be3 Rh7 14.d5 c5 15.Nb5 Qb8 16.Nd2 Nd7
17.Qe2 a6 18.Nc3 Nf4 19.Qe1 b5 20.axb6 Nxb6 21.Na4 Bd7 22.Nxb6 Bxb6 23.Ba4 Bb5
24.c4 Bd7 25.Qd1 a5 26.Qg4 Bxa4 27.Rxa4 Nd3 28.Qe2 Nb4 29.Nb1 Rh8 30.Nc3 Kf8
31.Nb5 Kg7 32.Rc1 Qd8 33.Bd2 Qf6 34.Rc3 Qg6 35.Be1 Rhf8 36.Rf3 Rad8 37.Rf5 Rb8
38.Kh2 Rfd8 39.Ra3 Rb7 40.Bc3 f6 41.h4 Rdd7 42.g3 Rb8 43.Be1 Rf8 44.Nc3 gxh4
45.g4 Rh8 46.Nd1 Kf8 47.Rh3 Rg7 48.Rxh4 h5 49.Ne3 Rhh7 50.g5 Rf7 51.gxf6 Bd8
52.Rh3 Bxf6 53.Rg3 Qh6 54.Bd2 Bh4 55.Rg2 Rxf5 56.Nxf5 Qf6 57.Kh3 Nc2 58.Bc3  1-0

[Event "12th Open"]
[Site "Malaga ESP"]
[Date "2009.07.12"]
[Round "3"]
[White "Karim,I"]
[Black "Paunovic,D"]
[Result "0-1"]
[WhiteElo "2407"]
[BlackElo "2533"]

1.e4 d6 2.d4 Nf6 3.Nc3 e5 4.Nf3 Nbd7 5.Bc4 Be7 6.O-O Nb6 7.Be2 exd4 8.Nxd4 O-O
9.Bf4 Re8 10.a4 a5 11.Re1 Bf8 12.Bf1 h6 13.Ndb5 Nbd7 14.Qd4 Nc5 15.Bc4 Ne6
16.Bxe6 Bxe6 17.e5 dxe5 18.Qxe5 Re7 19.Rad1 Qc8 20.Qd4 c6 21.Nd6 Qd8 22.Be5 Rd7
23.Bxf6 Qxf6 24.Qxf6 gxf6 25.Nde4 Rxd1 26.Rxd1 f5 27.Nf6+ Kh8 28.Nh5 Bb4
29.Ne2 Re8 30.Nhf4 Bc8 31.Nd4 Rd8 32.Rd3 Re8 33.Rd1  0-1

[Event "Richard Riordan GM Rapid"]
[Site "Natanya ISR"]
[Date "2009.07.12"]
[Round "2"]
[White "Sutovsky,E"]
[Black "Eljanov,P"]
[Result "0-1"]
[WhiteElo "2675"]
[BlackElo "2716"]

1.e4 d6 2.d4 Nf6 3.Nc3 e5 4.Nf3 Nbd7 5.Bc4 Be7 6.O-O O-O 7.a4 h6 8.a5 c6
9.d5 b5 10.axb6 Nxb6 11.Bb3 cxd5 12.Bxd5 Nbxd5 13.Nxd5 Nxd5 14.Qxd5 Be6 15.Qd3 f5
16.c4 Qc8 17.b3 Qb7 18.Nd2 fxe4 19.Qxe4 Qxe4 20.Nxe4 d5 21.Nd2 dxc4 22.Nxc4 Rfb8
23.Na5 Bc5 24.Bb2 Rb5 25.Bxe5 Bb6 26.Bc3 Rc8 27.Bd2 Rc2 28.Nc4 Rxb3 29.Nxb6 Rxd2
30.Na4 Rc2 31.Rfe1 Bd7 32.f3 Rd3 33.Nc5 Rxc5 34.Rxa7 Rc2  0-1

[Event "12th Open"]
[Site "Malaga ESP"]
[Date "2009.07.13"]
[Round "4"]
[White "Stefansson,H"]
[Black "Paunovic,D"]
[Result "0-1"]
[WhiteElo "2580"]
[BlackElo "2533"]

1.e4 d6 2.d4 Nf6 3.Nc3 e5 4.dxe5 dxe5 5.Qxd8+ Kxd8 6.Bg5 c6 7.O-O-O+ Nd7
8.Bxf6+ gxf6 9.g3 Bc5 10.Bh3 Bxf2 11.Nf3 Kc7 12.Rhf1 Be3+ 13.Kb1 Nc5 14.Bxc8 Raxc8
15.Nh4 Bd4 16.Rxf6 Bxc3 17.Rxf7+ Kb6 18.bxc3 Rcf8 19.Rdf1 Rxf7 20.Rxf7 Nxe4
21.Re7 Rf8 22.Rxe5 Rf1+ 23.Kb2 Nd2  0-1

[Event "12th Open"]
[Site "Malaga ESP"]
[Date "2009.07.13"]
[Round "4"]
[White "Ortega Ruiz,J"]
[Black "Dappiano,A"]
[Result "1-0"]
[WhiteElo "2344"]
[BlackElo "1927"]

1.d4 d6 2.e4 Nf6 3.Nc3 e5 4.Nf3 Nbd7 5.Bc4 Be7 6.O-O O-O 7.a4 c6 8.b3 Qc7
9.Ba3 Nb6 10.Be2 Bg4 11.h3 Bh5 12.a5 Nbd7 13.Qd2 Rfe8 14.a6 b6 15.d5 Bg6
16.dxc6 Qxc6 17.Bb5 Qc7 18.Nd5 Nxd5 19.exd5 Rf8 20.Bc6 Rad8 21.b4 h6 22.c4 f5
23.Rfe1 Bf6 24.Bb2 Nb8 25.Bb5 Be8 26.Rac1 Bh5 27.Rc3 g5 28.Nh2 Qg7 29.g4 fxg4
30.Nxg4 Bxg4 31.hxg4 e4 32.Rxe4 Bxc3 33.Bxc3 Qh7 34.Qe3 Rf4 35.Rxf4 gxf4
36.Qe6+ Kf8 37.Qf6+  1-0

[Event "12th Open"]
[Site "Malaga ESP"]
[Date "2009.07.13"]
[Round "4"]
[White "Guadamuro Torrente,A"]
[Black "Garrido Dominguez,J"]
[Result "1/2-1/2"]
[WhiteElo "2136"]
[BlackElo "2333"]

1.e4 d6 2.d4 Nf6 3.Nc3 e5 4.Nf3 Nbd7 5.Bc4 Be7 6.h3 c6 7.a4 O-O 8.O-O b6
9.dxe5 dxe5 10.Qe2 Qc7 11.Be3 Nc5 12.Bg5 a5 13.Rfd1 h6 14.Bh4 Nh5 15.Bxe7 Qxe7
16.Qd2 Re8 17.Qd6 Bd7 18.Qxe7 Rxe7 19.Rd6 Nf6 20.Rad1 Ra7 21.Re1 Kf8 22.Nh4 Ne8
23.Rd2 g6 24.Nf3 Nf6 25.Nh2 Rb7 26.f3 h5 27.Nf1 Be8 28.Rd6 Kg7 29.Ne3 Bd7
30.Ba2 Ne8 31.Rd2 Kf8 32.Red1 Be6 33.Bxe6 Nxe6 34.Ne2 Nc5 35.b3 Red7 36.Nc4 Rxd2
37.Rxd2 Nd7 38.Kf2 Ke7 39.Ke3 Ra7 40.Nc3 Ng7 41.f4 exf4+ 42.Kxf4 Ne6+ 43.Ke3 Rc7
44.Ne2 Ra7 45.Nd4 Nxd4 46.Rxd4 Rc7 47.Rd2 Rb7 48.Nd6 Rb8 49.Nxf7 b5 50.axb5 cxb5
51.Nd6 a4 52.bxa4 bxa4 53.Nc4 Rc8 54.Kd4 Nc5 55.Nb6 Ne6+ 56.Ke5 Rc5+ 57.Nd5+ Kd7
58.Rf2 Nd8 59.Kd4 Ra5 60.c4 a3 61.Ra2 Ne6+ 62.Kc3 Ra7 63.Kb4 Nd4 64.Nb6+ Kc6
65.Na4 Re7 66.Kxa3 Rxe4 67.Kb4 Re3 68.Nc3 Rg3 69.Rd2 Nf5 70.Ne4 Re3 71.Nf6 Nd6
72.c5 Nf7 73.Ra2 Kb7 74.Nd5 Re4+ 75.Kb5 Ne5 76.Ra6 Re1 77.Rb6+ Kc8 78.Ne7+ Kc7
79.Nd5+ Kc8 80.Nb4 Rb1 81.c6 Kc7 82.Rb7+ Kd6 83.c7 Kd7 84.Kc5 Nd3+ 85.Kc4 Nf4
86.Ra7 h4 87.Na6 Ne6 88.Kd5 Rb5+ 89.Ke4 Rg5 90.Ra8 Nxc7 91.Ra7 Kc6 92.Rxc7+ Kb6
93.Nc5 Rxg2 94.Rc8 Rg3 95.Ne6 Rxh3 96.Ng5 Rg3 97.Kf4 Rg1  1/2-1/2

[Event "32nd Aegean Open"]
[Site "Aghios Kirykos GRE"]
[Date "2009.07.14"]
[Round "4"]
[White "Levushkina,E"]
[Black "Syfantos,N"]
[Result "1-0"]
[WhiteElo "2239"]
[BlackElo "1821"]

1.e4 d6 2.d4 c6 3.Nc3 Nf6 4.f4 Qa5 5.Bd3 e5 6.Nf3 exd4 7.Nxd4 Nbd7 8.Nb3 Qb6
9.Qe2 Nc5 10.Nxc5 Qxc5 11.h3 Be7 12.Bd2 Qb6 13.O-O-O O-O 14.g4 Re8 15.Qg2 Bf8
16.f5 Nd7 17.g5 Ne5 18.h4 Nxd3+ 19.cxd3 d5 20.h5 d4 21.Ne2 c5 22.Kb1 Bd7
23.Nf4 Bc6 24.Nd5 Bxd5 25.exd5 Qd6 26.f6 Rad8 27.Rde1 Re5 28.g6 Qxd5 29.Qg3 Rxe1+
30.Rxe1 Qxh5 31.Qc7 Qd5 32.gxf7+ Kh8 33.Re8  1-0

[Event "ch-EGY"]
[Site "Cairo EGY"]
[Date "2009.07.14"]
[Round "7"]
[White "Amin,B"]
[Black "El Gindy,E"]
[Result "1/2-1/2"]
[WhiteElo "2551"]
[BlackElo "2501"]

1.d4 d6 2.e4 Nf6 3.Nc3 e5 4.dxe5 dxe5 5.Qxd8+ Kxd8 6.Bc4 Be6 7.Bxe6 fxe6
8.f3 Bd6 9.Be3 Ke7 10.Nge2 Nbd7 11.O-O-O  1/2-1/2

[Event "Open"]
[Site "Rethymno GRE"]
[Date "2009.07.14"]
[Round "4"]
[White "Smith,Bry"]
[Black "Zubarev,Al1"]
[Result "1-0"]
[WhiteElo "2467"]
[BlackElo "2548"]

1.e4 d6 2.d4 Nf6 3.Nc3 e5 4.Nf3 Nbd7 5.g4 Nxg4 6.Rg1 exd4 7.Nxd4 Ngf6 8.Qe2 c6
9.f4 Nc5 10.Bd2 Ne6 11.Be3 Qc7 12.O-O-O Bd7 13.Qf2 Nc5 14.Qf3 O-O-O 15.b4 Ne6
16.Nb3 g6 17.f5 gxf5 18.exf5 Ng7 19.Bxa7 d5 20.Bd4 Nge8 21.b5 Bd6 22.b6 Ba3+
23.Kb1 Qxh2 24.Nc5 Rg8 25.Rxg8 Nxg8 26.N3a4 Bb4 27.Qb3 Bxf5 28.Rc1 Bxc5 29.Nxc5 Nd6
30.Qa4 Nc4 31.Bxc4 dxc4 32.Qa7 Rxd4 33.Qxb7+ Kd8 34.Qxf7 Qe5 35.Qf8+ Qe8
36.Qxf5 Rd5 37.Nb7+  1-0